| 000 | 00391 a2200133 4500 | ||
|---|---|---|---|
| 003 | Nust | ||
| 005 | 20170207171311.0 | ||
| 040 | _cNust | ||
| 082 | _a799 | ||
| 245 |
_aBrigd Ehsan ul haq receiving College Sovinear bi CI E,Photographs-2015 _cMCS |
||
| 260 |
_aRawalpindi _bMCS _c10-04-2015 |
||
| 650 | _aBrigd Ehsan ul haq receiving College Sovinear bi CI E,Photographs-2015 | ||
| 651 | _aSweet Memories-MCS | ||
| 942 | _cBK | ||
| 999 |
_c216568 _d216568 |
||